Дневник Л. А. Тихомирова. 1915-1917 гг.

Podrobná bibliografie
Korporace: Российский государственный архив социально-политической истории (РГАСПИ) Центр по разработке и реализации межархивных программ документальных публикаций федеральных архивов, Российская Федерация Государственный архив (ГАРФ), Институт общественной мысли
Další autoři: Репников А. В. Александр Витальевич (составитель)
Shrnutí:В суперобложке
Лев Тихомиров (1852—1923) — революционер и идеолог «Народной воли», ставший монархистом и редактором «Московских ведомостей», более 30 лет вел «Дневник». В последние годы в России активно переиздаются его работы, однако такой существенный источник, как «Дневник», остается практически неизвестным широкому читателю.
Jazyk:ruština
Vydáno: Москва, РОССПЭН, 2008
Témata:
Médium: MixedMaterials Kniha
KOHA link:https://koha.lib.tpu.ru/cgi-bin/koha/opac-detail.pl?biblionumber=154836

MARC

LEADER 00000nam0a2200000 4500
001 154836
005 20231101221808.0
010 |a 9785824308969  |b (в пер.)  |b 1000 экз. 
021 |a RU  |b 08-3114  |9 08-165 
035 |a (RuTPU)RU\TPU\book\167936 
090 |a 154836 
100 |a 20080314d2008 k y0rusy5002 ca 
101 0 |a rus 
102 |a RU 
105 |a y z 001zb 
200 1 |a Дневник Л. А. Тихомирова. 1915-1917 гг.  |f Российский государственный архив социально-политической истории (РГАСПИ), Центр по разработке и реализации межархивных программ документальных публикаций федеральных архивов ; Российская Федерация, Государственный архив (ГАРФ) ; Институт общественной мысли ; сост. А. В. Репников 
210 |a Москва  |c РОССПЭН  |d 2008 
215 |a 438, [2] с.  |d 22 см.  |c ил. 
300 |a В суперобложке 
320 |a Имен. указ.: с. 431-439. 
320 |a Библиогр. в примеч.: с. 365-430. 
330 |a Лев Тихомиров (1852—1923) — революционер и идеолог «Народной воли», ставший монархистом и редактором «Московских ведомостей», более 30 лет вел «Дневник». В последние годы в России активно переиздаются его работы, однако такой существенный источник, как «Дневник», остается практически неизвестным широкому читателю. 
600 1 |a Тихомиров  |g Лев Александрович  |b Л. А.  |c российский публицист  |c народник  |f 1852-1923  |2 stltpush  |3 (RuTPU)RU\TPU\pers\1241 
606 1 |a Россия  |x История  |z 1914-февраль 1917  |2 stltpush  |3 (RuTPU)RU\TPU\subj\65558  |9 82060 
610 1 |a 20 век 
610 1 |a дневники 
610 1 |a воспоминания 
686 |a Т3(2)534  |v LBC/SL-A  |2 rubbk 
702 1 |a Репников  |b А. В.  |g Александр Витальевич  |4 220 
712 0 2 |a Российский государственный архив социально-политической истории (РГАСПИ)  |b Центр по разработке и реализации межархивных программ документальных публикаций федеральных архивов  |2 stltpush  |3 (RuTPU)RU\TPU\col\14743 
712 0 1 |a Российская Федерация  |b Государственный архив (ГАРФ)  |c (Москва)  |c (1992- )  |2 stltpush  |3 (RuTPU)RU\TPU\col\3476 
712 0 2 |a Институт общественной мысли  |2 stltpush  |3 (RuTPU)RU\TPU\col\5870  |9 24154 
801 1 |a RU  |b 63413507  |c 20090305  |g PSBO 
801 2 |a RU  |b 63413507  |c 20090923  |g PSBO 
942 |c BK 
959 |a 30/20090218  |d 1  |e 412,06  |f РФ:1